Quiz Cultura Generale - Quiz n°55 - Statistics

Statistiche generali
  • Questo quiz è stato fatto 195 volte
  • Il punteggio medio è 11 su 15
Statistiche sulle risposte
Domanda Risposta % Corretto
In quale città si trova la Statua della Libertà? New York
100%
Circa quanti mesi dura la gestazione dell'essere umano? 9 mesi
98%
In che anno è entrata in vigore la Costituzione italiana? 1948
90%
Quante sono le Winx, protagoniste dell'omonima serie? 6
90%
Chi ha dipinto "Guernica"? Pablo Picasso
88%
In quale stato si trova la città di Casablanca? Marocco
82%
Chi ha scritto il celebre racconto di "Pinocchio"? Carlo Collodi
76%
Quanti punti fa guadagnare la lettera H a Scarabeo? 8
69%
Quale mare incontra il Tirreno nello Stretto di Messina? Mar Ionio
68%
Secondo la leggenda, chi ha ucciso il Minotauro? Teseo
66%
Quale organo produce l'albumina? Fegato
62%
Qual è la quarta isola del Mediterraneo per dimensioni? Corsica
55%
Qual è il titolo dell'opera di Gaio Giulio Cesare sulle sue conquiste in Gallia? Commentarii de bello Gallico
45%
Chi canta "Pensiero stupendo"? Patty Pravo
39%
Dove si trova la Corte penale internazionale? L'Aia
34%
Nessun quiz corrispondente trovato
Distribuzione punteggi
Percentuale di utenti per punteggio
Percentile per numero di risposta
I tuoi punteggi nel tempo
Non hai fatto questo quiz